|
|
|
|
| LEADER |
00000cam a2200000 7i4500 |
| 001 |
0000014615 |
| 005 |
20080304.0 |
| 008 |
080304 |
| 020 |
|
|
|a 9833376789
|
| 090 |
0 |
0 |
|a 658.45
|b ABD
|
| 100 |
0 |
|
|a Abdullah Hassan
|
| 245 |
1 |
0 |
|a Komunikasi di tempat kerja
|c Abdullah Hassan,Ainon Mohd
|
| 260 |
|
|
|a Selangor :
|b PTS Profesional publishing ,
|c 2006
|
| 440 |
|
|
|a Siri pembangunan kerjaya
|
| 650 |
|
0 |
|a Communication
|
| 650 |
|
0 |
|a Communication in management
|
| 650 |
|
0 |
|a Communication in organizations
|
| 700 |
0 |
|
|a Ainon Muhammad
|
| 999 |
|
|
|a 0000910215
|b Book
|c Adult Collection
|e Cawangan Bandar Tenggara
|
| 999 |
|
|
|a 0000923421
|b Book
|c Adult Collection
|e Cawangan Bukit Gambir
|
| 999 |
|
|
|a 0000933032
|b Book
|c Adult Collection
|e Cawangan Tangkak
|
| 999 |
|
|
|a 0000933033
|b Book
|c Adult Collection
|e Cawangan Tangkak
|
| 999 |
|
|
|a 0000933034
|b Book
|c Adult Collection
|e Cawangan Tangkak
|
| 999 |
|
|
|a 0000940488
|b Book
|c Adult Collection
|e Cawangan Taman Sri Lambak
|
| 999 |
|
|
|a 0001014498
|b Book
|c Adult Collection
|e Cawangan Muar
|
| 999 |
|
|
|a 0001014499
|b Book
|c Adult Collection
|e Cawangan Bandar Tenggara
|
| 999 |
|
|
|a 0001014500
|b Book
|c Adult Collection
|e Cawangan Tangkak
|
| 999 |
|
|
|a 0001014501
|b Book
|c Adult Collection
|e Perbadanan Perpustakaan Awam Johor
|
| 999 |
|
|
|a 0001014502
|b Book
|c Adult Collection
|e Perbadanan Perpustakaan Awam Johor
|
| 999 |
|
|
|a 0001014685
|b Book
|c Adult Collection
|e Perbadanan Perpustakaan Awam Johor
|
| 999 |
|
|
|a 0001014686
|b Book
|c Adult Collection
|e Perbadanan Perpustakaan Awam Johor
|